000 00225nam a2200097Ia 4500
008 190216s9999||||xx |||||||||||||| ||und||
100 _aGovinda Das
245 0 _aHindi-Aminav Pukanki
260 _bVidyarthimithram
942 _cBK
999 _c17064
_d17064